000 00741nam a2200217 a 4500
005 2011081206536.0
020 _a8173051445
082 _a270
100 1 _aNicholson,R.A.
_932760
245 1 4 _a Islamic mysticism /
_cby R. A.Nicholson
260 _aDelhi :
_bAryan Book International,
_c2002.
270 _a4378/4B, Pooja Apartment, Ansari Road Darya Ganj
_bNew Delhi
_c110002
300 _axii, 282 p. ;
_c22 cm. (Hb)
440 _aThe masterpiece library of Islam:
_932710
490 _aThe masterpiece library of Islam
_v8
_932761
500 _aIncludes bibliographical references and index
650 0 _aSufism.
_932762
650 0 _aSufi poetry
_xHistory and criticism.
_932763
942 _2ddc
_cEN
_h270
_mNIC
999 _c55338
_d55338